000 00770cam a22002773a 4500
001 24471
003 PGUSA
005 20140828083526.0
008 080131s2008||||xxu|||||s|||||000 | eng d
040 _aPGUSA
_beng
042 _adc
050 4 _aDS
050 4 _aSB
050 4 _aHV
100 1 _aBillings, E. R.
245 1 0 _aTobacco; Its History, Varieties, Culture, Manufacture and Commerce
_h[electronic resource] /
_cE. R. Billings
260 _bProject Gutenberg,
_c2008
506 _aPublic domain in the USA.
516 _aElectronic text
653 _aTobacco -- History
653 _aTobacco use
653 _aTobacco industry -- History
830 0 _aProject Gutenberg
_v24471
856 4 0 _uhttp://www.gutenberg.org/ebooks/24471
942 _cEB
999 _c253726
_d253726